El control autoritario expresado en las circulares del Ministerio de Educación en el período 1973 - 81

Guardat en:
Dades bibliogràfiques
Autor principal: Magendzo K., Salomón (autor)
Altres autors: Gazmuri Riveros, Consuelo (autora)
Format: Llibre
Idioma:espanyol
Publicat: Santiago PIIE 1981
Col·lecció:Transformaciones en la Educación Chilena bajo el Régimen Militar
Matèries:
Etiquetes: Afegir etiqueta
Sense etiquetes, Sigues el primer a etiquetar aquest registre!

MARC

LEADER 00000nam a2200000 a 4500
001 UCZ9818
003 CL-VaPUC
008 960311e19810000CL |||||||||||||||||spa|d
082 0 4 |a 379.11  |b MAG  |2 21 
100 |a Magendzo K., Salomón  |e autor  |9 368562 
700 |a Gazmuri Riveros, Consuelo  |e autora  |9 738343 
245 1 3 |a El control autoritario expresado en las circulares del Ministerio de Educación en el período 1973 - 81 
300 |a 33 p 
942 |c BK 
945 |d 19960311 00:00:00  |a lriquelm 
260 |a Santiago  |b PIIE  |c 1981 
650 0 |a Estado y educación   |9 311264 
650 0 |a Gobierno militar   |9 316360 
650 0 |a Política educacional  |9 308011 
650 0 |a Sistemas educacionales  |9 324695 
650 7 |a REFORMA DE LA EDUCACION  |2 CL-VaPUC  |9 333471 
651 7 |a CHILE  |2 CL-VaPUC  |9 354722 
583 |a last modification  |c 19960311 00:00:00  |k Rodrigo Vera 
490 0 |a Transformaciones en la Educación Chilena bajo el Régimen Militar 
999 |c 244883  |d 244881 
952 |0 0  |1 0  |4 0  |6 379_110000000000000_MAG_1981  |7 0  |8 P  |9 259146  |a BIBEDU  |b BIBEDU  |c BIBEDU_PB  |d 2019-11-19  |i 1630466  |o 379.11 MAG 1981  |p 1630466  |r 2024-01-25  |w 2019-11-19  |y BK  |k EDU